|
|
|
|
| LEADER |
00000naa2a2200000 4500 |
| 001 |
387658 |
| 005 |
20231101063633.0 |
| 035 |
|
|
|a (RuTPU)RU\TPU\prd\17494
|
| 090 |
|
|
|a 387658
|
| 100 |
|
|
|a 20030918a2003 k y0rusy50 ca
|
| 101 |
0 |
|
|a rus
|
| 102 |
|
|
|a UA
|
| 200 |
1 |
|
|a Термодинамические исследования экологических характеристик процесса газификации углей Западного Донбаса (ГХК "Павлоградуголь")
|f Б. Б. Потапов, В. А. Пинчук
|
| 225 |
1 |
|
|a Охрана окружающей среды
|
| 320 |
|
|
|a Библиогр.: 6 назв.
|
| 461 |
|
1 |
|0 (RuTPU)RU\TPU\prd\1029
|x 0235-3482
|t Экотехнологии и ресурсосбережение
|o научно-технический журнал
|f Национальная академия наук Украины (НАНУ) ; Институт газа Украины
|d 1994-2008
|
| 463 |
|
1 |
|0 (RuTPU)RU\TPU\prd\16366
|t № 3
|v С. 47-50
|d 2003
|
| 610 |
1 |
|
|a газификация угля
|
| 610 |
1 |
|
|a генераторный газ
|
| 610 |
1 |
|
|a уголь
|
| 610 |
1 |
|
|a энергетические ресурсы
|
| 675 |
|
|
|a 662.747
|v 3
|
| 700 |
|
1 |
|a Потапов
|b Б. Б.
|
| 701 |
|
1 |
|a Пинчук
|b В. А.
|
| 801 |
|
1 |
|a RU
|b 63413507
|c 20030918
|g PSBO
|
| 801 |
|
2 |
|a RU
|b 63413507
|c 20120412
|g RCR
|
| 942 |
|
|
|c BK
|